Informačné nástroje riadenia výrobkových nákladov

Potrebné informácie pre riadenie výrobkových nákladov môžu manažéri získať pomocou informačných nástrojov, ku ktorým patrí manažérsky informačný systém, manažérske účtovníctvo, kalkulácie, rozpočty a vhodný ekonomický softvér. Medzinárodné účtovné štandardy.

Gespeichert in:
Bibliographische Detailangaben
1. Verfasser: Kučera, Milan
Weitere Verfasser: Škorecová, E., Látečková, Anna
Format: Buchkapitel
Sprache:Slowakisch
Schlagworte:
Tags: Tag hinzufügen
Keine Tags, Fügen Sie das erste Tag hinzu!

MARC

LEADER 00000naa a2200000 4500
001 r048084
005 20231004074351.9
041 0 |a slo 
044 |a SK 
245 1 0 |a Informačné nástroje riadenia výrobkových nákladov  |c Milan Kučera, E. Škorecová, Anna Látečková 
520 |a Potrebné informácie pre riadenie výrobkových nákladov môžu manažéri získať pomocou informačných nástrojov, ku ktorým patrí manažérsky informačný systém, manažérske účtovníctvo, kalkulácie, rozpočty a vhodný ekonomický softvér. Medzinárodné účtovné štandardy. 
610 2 0 |a systémy účtovné 
610 2 0 |a metódy účtovné 
610 2 0 |a účtovníctvo manažérske 
610 2 0 |a kalkulácia 
610 2 0 |a rozpočty 
610 2 0 |a softvér 
610 2 0 |a štandardy 
610 2 0 |a výrobky 
610 2 0 |a náklady 
610 2 0 |a riadenie 
100 1 |a Kučera, Milan 
700 1 |a Škorecová, E. 
700 1 |a Látečková, Anna